| 000 | 00499nam a2200157 4500 | ||
|---|---|---|---|
| 008 | s2000 fr fre u | ||
| 040 | _aLB-BrCRDP | ||
| 082 | 1 |
_aG. CE1 _bBré |
|
| 100 | 1 | _ajean-Luc, Brégeon | |
| 245 | 1 | 0 |
_aMath en Herbe CE1 _bCycle des apprentissages fondamentaux , Livre du maître (guide d'évaluation) _cjean-Luc, Brégeon |
| 260 |
_aParis _bNathan _c2000 |
||
| 490 | 0 | _aDiagonale | |
| 650 | 4 | _aEvaluation | |
| 942 | _cBK | ||
| 999 |
_c7857 _d7857 |
||